Top 30 Formula 1 Teams by Points - Statistics

General Stats
  • This quiz has been taken 3,888 times
    2,793 since last reset
  • The average score is 20 of 30
Answer Stats
# Points Scored Team % Correct
1 10,722 Ferrari
100%
4 7,790.5 McLaren
99%
3 8,159.5 Mercedes
99%
2 8,288 Red Bull
99%
5 3,774 Williams
96%
7 1,777 Renault
89%
6 2,074 Lotus
83%
14 513 Sauber
83%
12 595 Aston Martin
82%
18 386 Haas
82%
13 535 Alpine
81%
26 199 Alfa Romeo
75%
15 500 Toro Rosso
72%
19 352 BMW Sauber
70%
21 309 AlphaTauri
69%
10 851.5 Benetton
68%
8 1,039 Force India
67%
9 864 Brabham
62%
28 172 Brawn GP
61%
24 268 Racing Point
59%
30 154 Honda
56%
22 291 Jordan
55%
11 621 Tyrrell
55%
23 278.5 Toyota
46%
16 433 BRM
40%
20 342 Cooper
40%
25 227 BAR
38%
29 163 Matra
31%
17 388 Ligier
29%
27 173.5 March
19%
No matching quizzes found
Score Distribution
Percent of People with Each Score
Percentile by Number Answered
Your Score History
You have not taken this quiz since the last reset